[Event "Merida World Heritage op 2nd"]
[Site "Merida"]
[Date "2022.08.03"]
[Round "3"]
[White "Ugalde Ortiz, Antonio"]
[Black "Aaron, Deepak"]
[Result "0-1"]
[WhiteElo "1820"]
[BlackElo "2263"]
[PlyCount "52"]
[EventDate "2022.08.02"]
[EventType "swiss"]
[EventRounds "9"]
[EventCountry "ESP"]
[SourceTitle "EXT 2023"]
[Source "ChessBase"]
[SourceDate "2022.10.05"]
[SourceVersion "1"]
[SourceVersionDate "2022.10.05"]
[SourceQuality "1"]

1. e4 e6 2. d3 c5 3. Nf3 Nc6 4. g3 Nge7 5. Bg2 g6 6. 0-0 Bg7 7. Re1 d6 8. c3 e5 9. Nbd2 0-0 10. Nf1 h6 11. h4 f5 12. exf5 gxf5 13. h5 Be6 14. Nh4 Kh7 15. f4 Rg8 16. Be3 Bf6 17. fxe5 Bxh4 18. gxh4 Bd5 19. Re2 Bf3 20. Qd2 Nxe5 21. Nh2 Bxe2 22. Qxe2 Nd5 23. Bd2 Qxh4 24. Kh1 Ng4 25. Bxd5 Nf2+ 26. Qxf2 Qxf2 0-1

[Event "Extremadura-chT"]
[Site "Spain"]
[Date "2008.02.02"]
[Round "3.1"]
[White "Ugalde Ortiz, Antonio"]
[Black "Garcia Gil Nunez, Romero Diego"]
[Result "1/2-1/2"]
[WhiteElo "1913"]
[BlackElo "1910"]
[PlyCount "49"]
[EventDate "2008.01.19"]
[EventType "team-swiss"]
[EventRounds "9"]
[EventCountry "ESP"]
[SourceTitle "EXT 2011"]
[Source "ChessBase"]
[SourceDate "2010.11.26"]
[SourceVersion "1"]
[SourceVersionDate "2010.11.26"]
[SourceQuality "1"]
[WhiteTeam "Lasker"]
[BlackTeam "Cibeles"]
[WhiteTeamCountry "ESP"]
[BlackTeamCountry "ESP"]

1. e4 c5 2. c3 d5 3. exd5 Qxd5 4. d4 Nf6 5. Nf3 Nc6 6. Be2 e6 7. 0-0 Be7 8. dxc5 Qxc5 9. Be3 Qa5 10. b4 Qc7 11. Qb3 0-0 12. Na3 Nd5 13. Nb5 Qb8 14. Nbd4 Nxe3 15. fxe3 Bd7 16. Rad1 e5 17. Nxc6 Bxc6 18. b5 Be4 19. Qc4 Bf5 20. Qd5 Bf6 21. Nxe5 Be6 22. Nd7 Bxd7 23. Qxd7 Qe5 24. Qd4 Qc7 25. Rxf6 1/2-1/2